| 000 | 00489nam a2200145Ia 4500 | ||
|---|---|---|---|
| 008 | 220216s9999 xx 000 0 und d | ||
| 100 | _aAbraham J. | ||
| 245 | 0 | _aControlled slow release of urea fertilisers from polymer matrices | |
| 260 |
_bProceedings of the Seventh Kerala Science Congress, January 1995, Palakkad, India, pp. 63-65 _c1995 |
||
| 650 | _aControlled release fertilizer | ||
| 650 | _aLatex | ||
| 650 | _aSlow release fertilizer | ||
| 700 | _aPillai V.N.R. | ||
| 942 | _cBS | ||
| 999 |
_c52324 _d52324 |
||